00850nam a22002417a 45000010005000000030006000050050017000110080041000280200017000690400029000860500015001151000023001302450097001532600049002503000061002995050008003605200107003685210029004755210020005046500028005246500027005527000029005797625FISKH20250728112439.0250728b cb ||||| |||| 00| 0 eng d a076714002258 aFISKHbengcFISKHdFISKH aPZ7.G759 W aGrahame, Kenneth  aThe wind in the willows : bThe wild wood / cBy Kenneth Grahame : Illustrated by val Biro  aNew York : bSimon & Schuster, Inc., c1984. a31 unnumbered pages : bcolor illustrations ; c21 cm .  aJ  aMole and Rat become lost in a snowstorm after leaving the river bank to visit Badger in the Wild Wood.8 a500 bLexile estimate 8 aJ bRaz-Plus  aMole vJuvenile Fiction aRat vJuvenile Fiction aBiro, Val eIllustrator